000 00494nam a2200181Ia 4500
999 _c43900
_d43900
003 GCL
005 20240530104000.0
008 140319s9999 xx 000 0 ara d
040 _aGCL /
_cGCL
082 0 4 _a213
_bن ن
100 0 _aنصر حامد ابوزيد
245 1 0 _aنقد الخطاب الدينى /
_cنصر حامد ابوزيد
300 _a225 ص. ؛
490 _a100 قصة
_v0
650 0 4 _aالخطب الدينية
650 0 4 _aتاريخ ونقد
942 _2ddc
_cBK